00455 2200181 4500001002100000008004100021020002200062035002000084082001100104084001700115100001800132245003800150250000600188260003000194300002600224650000800250990001500258INLIS000000000003464 ind  a978-623-522-802-0 a0010-0526000087 a330.01 a330.01 ERN x aLestari, Erni aX-Press TKA EkonomicErni Lestari a1 aJakarta :bErlanggac2040 a179 hlmc21 x 25.5 cm aTKA a20203/B/26